| 000 -LEADER |
| fixed length control field |
00628nam a22001577a 4500 |
| 020 ## - INTERNATIONAL STANDARD BOOK NUMBER |
| ISBN |
9783111025780 |
| 082 ## - DEWEY DECIMAL CLASSIFICATION NUMBER |
| Classification number |
421.5 |
| Item number |
St8196 2023 |
| 100 ## - MAIN ENTRY--AUTHOR NAME |
| Personal name |
Stein, Simon Damid, author. |
| 245 ## - TITLE STATEMENT |
| Title |
The phonetics of derived words in English : tracing morphology in speech production / Simon David Stein. |
| 260 ## - PUBLICATION, DISTRIBUTION, ETC. (IMPRINT) |
| Place of publication |
Berlin / Boston : |
| Name of publisher |
Walter de Gruyter GmbH, |
| Year of publication |
©2023. |
| 300 ## - PHYSICAL DESCRIPTION |
| Number of Pages |
1 online resource, viii, 227 pages : |
| Other physical details |
illustrations (some color). |
| 490 ## - SERIES STATEMENT |
| Series statement |
Linguistische Arbeiten |
| 500 ## - GENERAL NOTE |
| General note |
Includes references and indexes. |
| 650 ## - SUBJECT ADDED ENTRY--TOPICAL TERM |
| Topical Term |
English language -- Phonetics -- Morphology -- Speech production. |
| 942 ## - ADDED ENTRY ELEMENTS (KOHA) |
| Koha item type |
Electronic Books |